WWF Ecoregions of North America - Statistics

General Stats
  • This quiz has been taken 338 times
  • The average score is 20 of 146
Answers on the Map
Answers color-coded by a green-red scale on the quiz's map according to % correct below.
 
Answer Stats
Answer % Correct
Aleutian Islands Tundra
55%
Baja California Desert
47%
Everglades
46%
New England/Acadian Forests
36%
Appalachian-Blue Ridge forests
35%
Mojave Desert
34%
British Columbia Mainland Coastal Forests
33%
California Central Valley Grasslands
33%
Arizona Mountains Forests
32%
Alaska Peninsula Montane Taiga
31%
Appalachian Mixed Mesophytic Forests
30%
Chihuahuan Desert
30%
Mississippi Lowland Forests
30%
Newfoundland Highland Forests
30%
Ozark Mountain Forests
29%
Western Great Lakes Forests
29%
Sonoran Desert
28%
Baffin Coastal Tundra
27%
California Coastal Sage and Chaparral
27%
Nebraska Sand Hills Mixed Grasslands
27%
Southern Great Lakes Forests
27%
Permanent Ice
26%
Southern Hudson Bay Taiga
26%
East Central Texas Forests
25%
Northern California Coastal Forests
25%
Yucatán Dry Forests
25%
Arctic Coastal Tundra
24%
Colorado Rockies Forests
24%
Gulf of California Xeric Scrub
24%
Sierra Nevada Forests
24%
Wyoming Basin Shrub Steppe
24%
Eastern Great Lakes Lowland Forests
23%
Allegheny Highlands Forests
22%
California Interior Chaparral and Woodlands
22%
Puget Lowland Forests
22%
Alberta-British Columbia Foothills Forests
21%
Alberta Mountain Forests
21%
Great Basin Shrub Steppe
21%
Yucatán Moist Forests
20%
Alaska-St Elias Range Tundra
19%
Atlantic Coastal Pine Barrens
19%
Colorado Plateau Shrublands
19%
Haida Gwaii Forests
19%
High Arctic Tundra
19%
Interior Alaska-Yukon lowland taiga
19%
Montana Valley and Foothill grasslands
19%
Pacific Coastal Mountain Icefields and Tundra
19%
Gulf of St Lawrence Lowland Forests
18%
Northwest Territories Taiga
17%
Arctic Foothills Tundra
16%
Central British Columbia Mountain Forests
16%
Northern Pacific Coastal Forests
16%
Sonoran-Sinaloan Transition Subtropical Dry Forest
16%
South Florida Rocklands
16%
Texas Blackland Prairies
16%
Yukon Interior Dry Forests
16%
Beringia Lowland Tundra
15%
Eastern Canadian Shield Taiga
15%
Interior Yukon-Alaska Alpine Tundra
15%
Sinaloan Dry Forests
15%
Beringia Upland Tundra
14%
Florida Sand Pine Scrub
14%
Low Arctic Tundra
14%
Mangroves
14%
Middle Atlantic Coastal Forests
14%
Eastern Canadian Forests
13%
Muskwa-Slave Lake Forests
12%
Northeastern Coastal Forests
12%
Western Gulf Coastal Grasslands (Tamaulipan Pastizal)
12%
Willamette Valley Forests
12%
Central Canadian Shield Forests
11%
Central Pacific Coastal Forests
11%
Middle Arctic Tundra
11%
Klamath-Siskiyou Forests
10%
North Central Rockies Forests
10%
Northern Canadian Shield Taiga
10%
Upper Midwest Forest-Savanna Transition
10%
Central U.S Hardwood Forests
9%
Cook Inlet Taiga
9%
Northern Mixed Grasslands
9%
Okanagan Dry Forests
9%
Snake-Columbia shrub steppe
9%
Southeastern Mixed Forests
9%
Brooks-British Range Tundra
8%
Midwestern Canadian Shield Forests
8%
Piney Woods Forests
8%
San Lucan Xeric Scrub
8%
Southeastern Conifer Forests
8%
California Montane Chaparral and Woodlands
7%
Flint Hills Tall Grasslands
7%
Great Basin Montane Forests
7%
Canadian Aspen Forest and Parklands
6%
Cascade Mountains Leeward Forests
6%
Central and Southern Mixed Grasslands
6%
Central Tall Grasslands
6%
Edwards Plateau Savannas
6%
Mid-Continental Canadian forests
6%
Northern Short Grasslands
6%
Northern Tall Grasslands
6%
Tamaulipan Mezquital
6%
Torngat Mountain Tundra
6%
Trans-Mexican Volcanic Belt Pine-Oak Forests
6%
Wasatch and Uinta Montane Forests
6%
Western Short Grasslands
6%
Central and Southern Cascades Forests
5%
Central Forest-Grasslands Transition
5%
Eastern Cascades Forests
5%
Eastern Forest-Boreal Transition
5%
Jalisco Dry Forests
5%
Palouse Grasslands
5%
Sierra Madre Occidental Pine-Oak Forests
5%
South Central Rockies Forests
5%
Southern Pacific Dry Forests
5%
Veracruz Dry Forests
5%
Blue Mountains Forests
4%
Central American Dry Forests
4%
Copper Plateau Taiga
4%
Fraser Plateau and Basin Complex
4%
Northern Transitional Alpine Forests
4%
Oaxacan Montane Forests
4%
Ogilvie-MacKenzie Alpine Tundra
4%
Petén-Veracruz Moist Forests
4%
Sierra Madre Oriental Pine-Oak Forests
4%
South Avalon-Burin Oceanic Barrens
4%
Tamaulipan Matorral
4%
Veracruz Moist Forests
4%
Central Mexican Matorral
3%
Chiapas Depression Dry Forests
3%
Chiapas Montane Forests
3%
Davis Highlands Tundra
3%
Sierra Madre de Oaxaca Pine-Oak Forests
3%
Tehuacán Valley Matorral
3%
Bajío Dry Forests
2%
Balsas Dry Forests
2%
Central American Montane Forests
2%
Chimalapas Montane Forests
2%
Meseta Central Matorral
2%
Northern Cordillera Forests
2%
Pantanos de Centla
2%
Sierra de la Laguna Dry Forests
2%
Sierra de la Laguna Pine-Oak Forests
2%
Sierra de los Tuxtlas
2%
Sierra Juárez and San Pedro Mártin Pine-Oak Forests
2%
Sierra Madre de Chiapas Moist Forests
2%
Sierra Madre del Sur Pine-Oak Forests
2%
Veracruz Montane Forests
2%
No matching quizzes found
Score Distribution
Percent of People with Each Score
Percentile by Number Answered
Your Score History
You have not taken this quiz